| 000 | 00388nam a22001577a 4500 | ||
|---|---|---|---|
| 999 |
_c7365 _d7365 |
||
| 003 | OSt | ||
| 005 | 20190208120100.0 | ||
| 008 | 190208b ||||| |||| 00| 0 eng d | ||
| 020 | _a1557489777 | ||
| 040 | _cDLC | ||
| 082 | _a204.2 | ||
| 245 | _aTo Know God: Understanding The Nature Of God / | ||
| 260 |
_aOhio: _bBarbour and Company Inc., _cc1973. |
||
| 300 | _a191 p.: | ||
| 942 |
_2ddc _cBK |
||